00230nam a22000977a 4500003000400000082001400004100002100018245004000039260004500079300000800124SGT a820bT08P aPALEKAR, SUBHASH aTHE PHILOSOPHY OF SPIRITUAL FARMING bLATE CSP MEMORIAL CHARITABLE TRUSTc2008 a200